000 00951cam a22001934a 4500
005 20250605163930.0
008 250528s ||||||||||||||||||||||||d
035 _a14653
020 _a140181997
040 _aGR-AtMCL
_bgre
_dGR-AtMCL
_eAACR2
245 1 _aFantasia of the Unconscious and Psychoanalysis and the Unconscious
260 _bPenguin Books,
_c1971
300 _a256
520 _aIn these brilliant pioneering essays Lawrence sets out to redefine the unconscious as ''only another word for life''. Foreword, Introduction, The Holy Family, Plexuses and Planes and So On, Trees and Banies and Papas and Manas, The Five Senses, First Glimmerings of Mind, First Steps in Education, Education and Sex in Man - Woman and Child, The Birth of Sex, Parent Love, The Vicious Circle, Litany of Exhortations, Cosmological, Sleep and Dreams, The Lower Self.
700 1 _aLawrence D.H
_9386
942 _cBK
999 _c277
_d277